The secret garden / (Record no. 11665)
[ view plain ]
| 000 -LEADER | |
|---|---|
| fixed length control field | 00965cam a2200325 a 4500 |
| 001 - CONTROL NUMBER | |
| control field | 1463095 |
| 003 - CONTROL NUMBER IDENTIFIER | |
| control field | OSt |
| 005 - DATE AND TIME OF LATEST TRANSACTION | |
| control field | 20140310182310.0 |
| 008 - FIXED-LENGTH DATA ELEMENTS--GENERAL INFORMATION | |
| fixed length control field | 860723s1987 maua j 000 1 eng |
| 010 ## - LIBRARY OF CONGRESS CONTROL NUMBER | |
| LC control number | 86045534 |
| 020 ## - INTERNATIONAL STANDARD BOOK NUMBER | |
| International Standard Book Number | 0140621539 |
| Terms of availability | $15.95 |
| 040 ## - CATALOGING SOURCE | |
| Original cataloging agency | DLC |
| Transcribing agency | DLC |
| Modifying agency | DLC |
| 042 ## - AUTHENTICATION CODE | |
| Authentication code | lcac |
| 050 00 - LIBRARY OF CONGRESS CALL NUMBER | |
| Classification number | PL 898 |
| Item number | .B964 1911 |
| 082 00 - DEWEY DECIMAL CLASSIFICATION NUMBER | |
| Classification number | CLA |
| Item number | B93s 1995 |
| 100 1# - MAIN ENTRY--PERSONAL NAME | |
| Personal name | Burnett, Frances Hodgson, |
| Dates associated with a name | 1849-1924. |
| 9 (RLIN) | 3591 |
| 245 14 - TITLE STATEMENT | |
| Title | The secret garden / |
| Statement of responsibility, etc | Frances Hodgson Burnett. |
| 260 ## - PUBLICATION, DISTRIBUTION, ETC. (IMPRINT) | |
| Place of publication, distribution, etc | London : |
| Name of publisher, distributor, etc | Penguin Books, Ltd, |
| Date of publication, distribution, etc | c1911. |
| 300 ## - PHYSICAL DESCRIPTION | |
| Extent | 276 p. : |
| Dimensions | 18 cm. |
| 650 #1 - SUBJECT ADDED ENTRY--TOPICAL TERM | |
| Topical term or geographic name as entry element | Orphans |
| General subdivision | Fiction. |
| 9 (RLIN) | 3592 |
| 650 #1 - SUBJECT ADDED ENTRY--TOPICAL TERM | |
| Topical term or geographic name as entry element | Gardens |
| General subdivision | Fiction. |
| 9 (RLIN) | 3593 |
| 650 #1 - SUBJECT ADDED ENTRY--TOPICAL TERM | |
| Topical term or geographic name as entry element | People with disabilities |
| Form subdivision | Fiction. |
| 9 (RLIN) | 3594 |
| 651 #1 - SUBJECT ADDED ENTRY--GEOGRAPHIC NAME | |
| Geographic name | Yorkshire (England) |
| General subdivision | Fiction. |
| 9 (RLIN) | 3595 |
| 700 1# - ADDED ENTRY--PERSONAL NAME | |
| Personal name | Rust, Graham, |
| Relator term | ill. |
| 9 (RLIN) | 3596 |
| 906 ## - LOCAL DATA ELEMENT F, LDF (RLIN) | |
| a | 7 |
| b | cbc |
| c | orignew |
| d | 1 |
| e | ocip |
| f | 19 |
| g | y-gencatlg |
| 942 ## - ADDED ENTRY ELEMENTS (KOHA) | |
| Source of classification or shelving scheme | Library of Congress Classification |
| Koha item type | |
| Withdrawn status | Lost status | Source of classification or shelving scheme | Damaged status | Home library | Current library | Shelving location | Date acquired | Total Checkouts | Total Renewals | Full call number | Barcode | Date last seen | Date checked out | Copy number | Price effective from | Koha item type |
|---|---|---|---|---|---|---|---|---|---|---|---|---|---|---|---|---|
| Library of Congress Classification | Luxembourg Library | Luxembourg Library | Classic Section | 09/18/2013 | 1 | 1 | PL 898 .B964 1911 | 0303 | 12/16/2024 | 09/12/2024 | 1 | 09/18/2013 | Books |